00526nam a2200193Ia 450000500170000000800410001702000150005804000190007304100120009208200170010410000210012124500730014226000340021530000150024950400190026465000250028365100130030885000110032120221201115949.0131103s9999 xx 000 0 und d a8129104156 aLoreto College aEnglish a954.147bBAC aBach, Brian Paul aCalcutta's edificeb The buildings of a great city cBrian Paul Bach aNew DelhibRupa and Co.c2006 a733pb ill aIncludes index aWest Bengal, History aCalcutta aLCLIB